| 000 | 00546nam a22001697a 4500 | ||
|---|---|---|---|
| 003 | NUST | ||
| 038 | _aNusrat Nadeem | ||
| 082 | _a200 | ||
| 100 |
_aKhan, Idrees _9125144 |
||
| 245 |
_aDesign of optimized nonlinear control laws for navigation of UAV systems/ _cIdrees Khan, |
||
| 264 |
_aIslamabad; _bSEECS NUST; _c2024. |
||
| 300 |
_a84,p; _bill; _c30,cm. |
||
| 650 |
_aMS-Electrical Engineering _923567 |
||
| 700 |
_aSupervisor: Dr. Iftikhar Ahmad _997150 |
||
| 856 | _u http://10.250.8.41:8080/xmlui/handle/123456789/45392 | ||
| 942 |
_2ddc _cSC |
||
| 999 |
_c610925 _d610925 |
||